Statistiques concernant Prénom de 25 femmes célébres

Cliquez ici pour prendre le quiz!

Statistiques générales

  • Ce quiz a été pris 3,230 fois
  • Le résultat moyen est 12 sur 25

Statistiques - réponses

NOM PRENOM % Correct
CurieMarie
99%
d'ArcJeanne
99%
VeilSimone
94%
MonroeMarilyn
91%
ChanelCoco
88%
de MédicisCatherine
86%
FrankAnne
83%
SandGeorge
81%
StuartMary
79%
HariMata
47%
BrontëEmily
45%
WoolfVirginia
45%
PeronEva
30%
GoodallJane
28%
BouvierJacqueline
26%
BathoryElisabeth
25%
EarhartAmelia
18%
David NeelAlexandra
16%
HerschelCaroline
8%
CavendishMargaret
5%
ByronAda
3%
RichardsEllen
3%

Distribution des résultats

Percentile par nombre de réponses

% des personnes avec chaque résultat

Votre développement - résultats

Vous n’avez pas pris ce quiz